000
00310nam a2200121Ia 4500
008
190216s9999||||xx |||||||||||||| ||und||
100
_a
Raja Raman V & Sahasrabuddhe
245
0
_a
Computer Programming In Cobol
260
_b
Pentice Hall Of India
_c
1991
300
_a
267p
650
_a
Computer
942
_c
BK
999
_c
8372
_d
8372